Central Library OPAC University of Rajshahi

Pulse, digital, and switching waveforms : (Record no. 13403)

MARC details
000 -LEADER
fixed length control field 00992cam a22003011 4500
001 - CONTROL NUMBER
control field 13403
003 - CONTROL NUMBER IDENTIFIER
rucl marc code BD-RjUL
005 - DATE AND TIME OF LATEST TRANSACTION
control field 20211208235440.0
008 - FIXED-LENGTH DATA ELEMENTS--GENERAL INFORMATION
fixed length control field 140201s1965 nyua b 001 0 eng
020 ## - INTERNATIONAL STANDARD BOOK NUMBER
International Standard Book Number 070423865
035 ## - SYSTEM CONTROL NUMBER
System control number (BD-RjUL)13454
040 ## - CATALOGING SOURCE
Original cataloging agency DLC
Transcribing agency DLC
Modifying agency DLC
-- BD-RjUL
Language of cataloging eng
041 ## - LANGUAGE CODE
Language code of text/sound track or separate title eng
082 00 - DEWEY DECIMAL CLASSIFICATION NUMBER
Classification number 621.3815
Author mark and year MIP 1965
100 1# - MAIN ENTRY--PERSONAL NAME
Personal name Millman, Jacob.
Dates associated with a name 1911-
9 (RLIN) 39366
245 10 - TITLE STATEMENT
Title Pulse, digital, and switching waveforms :
Remainder of title devices and circuits for their generation and processing /
Statement of responsibility, etc. by Jacob Millman and Herbert Taub.
260 ## - PUBLICATION, DISTRIBUTION, ETC. (IMPRINT)
Place of publication, distribution, etc. New York :
Name of publisher, distributor, etc. McGraw-Hill,
Date of publication, distribution, etc. 1965.
300 ## - PHYSICAL DESCRIPTION
Pagination xiv, 958 p. :
Illustrations ill. ;
Size 24 cm.
504 ## - BIBLIOGRAPHY, ETC. NOTE
Bibliography, etc Includes bibliographical references and index.
650 #0 - SUBJECT ADDED ENTRY--TOPICAL TERM
Topical term or geographic name as entry element Electronic circuits.
9 (RLIN) 38587
Topical term or geographic name as entry element Delay lines.
9 (RLIN) 41781
Topical term or geographic name as entry element Switching circuits.
9 (RLIN) 39282
Topical term or geographic name as entry element Pulse circuits.
9 (RLIN) 39281
700 1# - ADDED ENTRY--PERSONAL NAME
Personal name Taub, Herbert.
Dates associated with a name 1918-
Relator term joint author.
942 ## - ADDED ENTRY ELEMENTS (KOHA)
Source of classification or shelving scheme Dewey Decimal Classification
Koha item type Books
Holdings
Lost status Source of classification or shelving scheme Damaged status Not for loan Collection code Permanent Location Current Location Shelving location Date acquired Source of acquisition Cost, normal purchase price Total Checkouts Full call number Date last seen Copy number Koha item type Date checked out
  Dewey Decimal Classification     Non-fiction Central Library, University of Rajshahi Central Library, University of Rajshahi   10/12/1973 US Govt. 0.00   621.3815 MIP 1965 01/02/2014 C-10 Books  
  Dewey Decimal Classification     Non-fiction Central Library, University of Rajshahi Central Library, University of Rajshahi   09/09/2008 R. U. Gift     621.3815 MIP 1965 31/03/2014 C-9 Books  
  Dewey Decimal Classification     Non-fiction Central Library, University of Rajshahi Central Library, University of Rajshahi   10/12/1973 U.S. Govt. 0.00 1 621.3815 MIP 1965 04/10/2023 C-2 Books 21/09/2023
  Dewey Decimal Classification   Not For Loan Non-fiction Central Library, University of Rajshahi Central Library, University of Rajshahi Reading Room 10/12/1973 U.S.GOVT     621.3815 MIP 1965 14/06/2017 C-1 Books  
  Dewey Decimal Classification     Non-fiction Central Library, University of Rajshahi Central Library, University of Rajshahi   05/10/1973 530 MET V-6,Pt-B 1965 59.88   621.3815 MIP 1965 15/06/2017 C-3 Books  
  Dewey Decimal Classification     Non-fiction Central Library, University of Rajshahi Central Library, University of Rajshahi   10/12/1973 U.S.GOVT     621.3815 MIP 1965 15/06/2017 C-4 Books  
  Dewey Decimal Classification     Non-fiction Central Library, University of Rajshahi Central Library, University of Rajshahi   10/12/1973 U.S. Govt.   2 621.3815 MIP 1965 18/03/2019 C-5 Books 05/03/2019
  Dewey Decimal Classification     Non-fiction Central Library, University of Rajshahi Central Library, University of Rajshahi   10/12/1973 U.S. Govt.     621.3815 MIP 1965 15/06/2017 C-6 Books  
  Dewey Decimal Classification     Non-fiction Central Library, University of Rajshahi Central Library, University of Rajshahi   10/12/1973 U.S. Govt.     621.3815 MIP 1965 15/06/2017 C-7 Books  
  Dewey Decimal Classification     Non-fiction Central Library, University of Rajshahi Central Library, University of Rajshahi   13/04/1994 Asia Foundation     621.3815 MIP 1965 15/06/2017 C-8 Books